Sejarah dan kebudayaan Islam

Bibliographic Details
Main Author: Ahmad Shalaby, Prof.Dr
Format: Book
Published: Singapura : Pustaka Nasional , 1991
Subjects:

MARC

LEADER 00000cam a2200000 7i4500
001 0000004634
002 000004997
005 20000330.0
020 |a 997177044X 
090 0 0 |a 297.09   |b AHM 
100 1 |a Ahmad Shalaby, Prof.Dr 
245 1 0 |a Sejarah dan kebudayaan Islam   |c Prof.Dr.Ahmad Shalaby 
260 |a Singapura :   |b Pustaka Nasional ,   |c 1991 
300 |a 307 p. ;   |c 22 cm. 
650 0 0 |a Islamic culture 
650 0 0 |a Islam   |x History 
999 |a 034745   |b BUKU   |c PINJAMAN   |e PERPUSTAKAAN KOMUNITI PETALING JAYA 
999 |a 034746   |b BUKU   |c PINJAMAN   |e PERPUSTAKAAN KOMUNITI PETALING JAYA